书目信息 |
| 题名: |
从被动接受到主动学习
|
|
| 作者: | 杨小微 著 | |
| 分册: | ||
| 出版信息: | 上海 华东师范大学出版社 2018 |
|
| 页数: | 305页 | |
| 开本: | 24cm | |
| 丛书名: | 教育现代化的中国之路——纪念教育改革开放40年丛书 | |
| 单 册: | ||
| 中图分类: | G521 | |
| 科图分类: | ||
| 主题词: | 教育改革--jiao yu gai ge--研究--中国 | |
| 电子资源: | ||
| ISBN: | 978-7-5675-7772-5 | |
| 000 | 01457nam 2200313 450 | |
| 001 | 2165777172 | |
| 005 | 20211112181623.45 | |
| 010 | @a978-7-5675-7772-5@dCNY78.00 | |
| 100 | @a20180903d2018 em y0chiy50 ea | |
| 101 | 0 | @achi |
| 102 | @aCN@b310000 | |
| 105 | @ay a 000yy | |
| 200 | 1 | @a从被动接受到主动学习@Acong bei dong jie shou dao zhu dong xue xi@e教学改革发展之路@f杨小微等著 |
| 210 | @a上海@c华东师范大学出版社@d2018 | |
| 215 | @a305页@d24cm | |
| 225 | 2 | @a教育现代化的中国之路——纪念教育改革开放40年丛书@Ajiao yu xian dai hua de zhong guo zhi lu—— ji nian jiao yu gai ge kai fang 40 nian cong shu@v5 |
| 225 | 2 | @a上海市纪念改革开放40年研究丛书@Ashang hai shi ji nian gai ge kai fang 40 nian yan jiu cong shu |
| 300 | @a全国高校出版社主题出版 | |
| 306 | @a中国教育发展出版工程 上海市哲学社会科学学术话语体系建设办公室、上海市哲学社会科学规划办公室资助出版 | |
| 320 | @a有书目 (第292-305页) | |
| 330 | @a本书从不同维度、不同层面展开了中国教学改革40年的丰富内涵。教学改革从自发到自觉、从重教到重学,学生从被动接受到主动学习,这既是教学重心的转移,也是教学文化的改变。 | |
| 410 | 0 | @12001 @a教育现代化的中国之路纪念教育改革开放40年丛书@v5 |
| 410 | 0 | @12001 @a上海市纪念改革开放40年研究丛书 |
| 517 | 1 | @a教学改革发展之路@Ajiao xue gai ge fa zhan zhi lu |
| 606 | 0 | @a教育改革@Ajiao yu gai ge@x研究@y中国 |
| 690 | @aG521@v5 | |
| 701 | 0 | @a杨小微@Ayang xiao wei@4著 |
| 801 | 0 | @aCN@bBP@c20181016 |
| 905 | @aZUCC@dG521@e10 | |
| 从被动接受到主动学习:教学改革发展之路/杨小微等著.-上海:华东师范大学出版社,2018 |
| 305页;24cm.-(教育现代化的中国之路——纪念教育改革开放40年丛书;5).-(上海市纪念改革开放40年研究丛书) |
| 全国高校出版社主题出版 |
| ISBN 978-7-5675-7772-5:CNY78.00 |
| 本书从不同维度、不同层面展开了中国教学改革40年的丰富内涵。教学改革从自发到自觉、从重教到重学,学生从被动接受到主动学习,这既是教学重心的转移,也是教学文化的改变。 |
| ● |
| 相关链接 |
|
|
|
正题名:从被动接受到主动学习
索取号:G521/10
 
预约/预借
| 序号 | 登录号 | 条形码 | 馆藏地/架位号 | 状态 | 备注 |
| 1 | 2000880958 | 2000880958 | 第二书库/ [索取号:G521/10] | 在馆 | |
| 2 | 2000880959 | 2000880959 | 第二书库/ [索取号:G521/10] | 在馆 | |
| 3 | 2000880960 | 2000880960 | 第二书库/ [索取号:G521/10] | 在馆 |